| 000 | 01535nam a2200289Ia 4500 | ||
|---|---|---|---|
| 003 | OSt | ||
| 005 | 20210712160528.0 | ||
| 008 | 210310s2010 ck ad gr 000 0 spa d | ||
| 020 | _a9789586954891 | ||
| 040 |
_aCO-JMCR _cCO-JMCR |
||
| 041 | 0 | _aspa | |
| 082 | 0 | 4 |
_a331.89 / _bU81r _223 |
| 100 | 1 |
_aUrrutia Montoya, Miguel, _eautor _938071 |
|
| 245 | 1 | 0 |
_aReforma de derechos sindicales y desarrollo / _cMiguel Urrutia Montoya, Diana Rodríguez Franco, César Rodríguez Garavito. |
| 250 | _aPrimera edición | ||
| 260 |
_aBogotá : _bUniversidad de los Andes, _c2010 |
||
| 300 |
_avii, 94 páginas : _bilustraciones y gráficas en blanco y negro ; _c24 cm. |
||
| 500 | _aNotas a pie de página. | ||
| 505 | 0 | _aCaracterísticas del del movimiento sindical colombiano. -- Diagnóstico sobre procesos de negociación colectiva, conversaciones colectivas y huelgas. -- Declaratoria de huelga en los servicios públicos no esenciales. -- Permitir la negociación colectiva en el sector público. | |
| 520 | 0 | _aEl libro estudia la legislación sobre los derechos sindicales de empleados públicos en los tratados internacionales de la organización internacional de trabajo (OIT) y el cumplimiento de Colombia en los tratados firmados. | |
| 650 | 1 | 4 |
_aTratado laborales _xSindicatos _938416 |
| 650 | 2 | 4 |
_aDerechos sindicales _xtrabajo _938417 |
| 650 | 2 | 4 |
_aEmpelados públicos _xsindicatos _938418 |
| 700 | 1 |
_aRodríguez Franco, Diana, _eautor _938419 |
|
| 700 | 1 |
_aRodríguez Garavito, César, _eautor _93960 |
|
| 942 |
_2ddc _cBK |
||
| 999 |
_c11880 _d11880 |
||